Máme ďalších majstrov Európy!

Bibliographic Details
Main Author: Nevolný, Peter (Author)
Format: Article
Language:Slovak
ISSN:1335-504X
Subjects:

MARC

LEADER 00000nab a2200000 a 4500
001 vtls000828504
003 SK-MaSNL
005 20260302162437.0
008 180205c2002 xo 0 slo
015 |a SNBRB2003/03-08484 
035 |a CLN000180159 
040 |a SNKBUCL  |b slo  |c SNKBUCL  |e AACR2 
041 0 |a slo 
044 |a xo  |c SK 
080 |a 351.749:636.7:06.063  |2 UDC-MRF-SK2 
080 |a 636.7  |2 UDC-MRF-SK2 
100 1 |a Nevolný, Peter  |4 aut  |9 10777 
245 1 0 |a Máme ďalších majstrov Európy!  |c Peter Nevolný 
650 0 7 |a služobná kynológia  |2 snkbucl  |9 60143 
655 7 |a články z novín a časopisov  |2 snkbucl  |9 267496 
773 0 |x 1335-504X  |t Alarm magazín  |g Roč. 4, č. 4 (2002), s. 22-25 
850 |a Slovenská národná knižnica v Martine 
852 |a SNK  |b KIS3GCP 
958 |a RBX 
999 |c 1380178  |d 1382108